000 00703cam a2200217 a 4500
001 73456
005 20230410102138.0
008 950201s2007 dr 001 0 spa
041 _aspa
020 _a9789945161588
050 1 4 _a118 PQ 7409
_bA638 2007
245 0 0 _aA orillas del agua :
_bConcurso Literario de Navidad /
_cObispado Nuestra Señora de la Altagracia; trabajos premiados año 2007
260 _aSanto Domingo :
_bSecretaría de Estado de Cultura,
_c2007.
300 _a126 p.:
_c23cm.
501 _aConcurso literario de Navidad del Obispado de Higuey.
504 _aIncluye índice.
650 4 _aLiteratura dominicana.
942 _2lcc
_cbk
946 _aPP
994 _aC0
_bDRFGD
999 _c19958
_d19958